00553nam a2200145Ia 4500008004100000020002200041082001600063100004400079245009000123260004800213300001300261942000700274999001900281952010700300191014s9999 xx 000 0 und d a978-981-4612-19-7 a530.11bJAN aRobert T.Jantzen, Kjell Rosquist923954 0aProceedings of the Thirteenth Marcel Grossmann Meeting on General Relativity (Part B) aNew JerseybWorld Scientific Company c2015 aLxi,1740 cBK c531103d531103 00104070aSNSbSNSd2019-10-15eDonationg0.00l0o530.11JANpSNS0002880r2022-12-13w2019-10-15yBK